50 Pays, 50 Villes d'Asie - Statistiques

Statistiques générales
  • Ce quiz a été pris 300 fois
  • Le résultat moyen est 27 sur 50
Statistiques - réponses
Code ISO Ville Pays % Correct
SGP Singapour Singapour
94%
QAT Doha Qatar
93%
THA Phuket Thaïlande
89%
ARM Erevan Arménie
88%
ISR Nazareth Israël
88%
IND Pondichéry Inde
81%
LKA Colombo Sri Lanka
80%
MDV Malé Maldives
74%
TJK Douchanbé Tadjikistan
71%
BTN Thimphou Bhoutan
69%
BRN Bandar Seri Begawan Brunei
69%
PSE Bethléem Palestine
69%
BHR Manama Bahreïn
68%
RUS Irkoutsk Russie
68%
TLS Dili Timor oriental
66%
CYP Paphos Chypre
65%
TUR Antioche Turquie
64%
KOR Jeju Corée du Sud
63%
LBN Tripoli Liban
63%
VNM Can Tho Viêt Nam
62%
KAZ Baïkonour Kazakhstan
58%
YEM Aden Yémen
57%
CHN Taiyuan Chine
51%
LAO Luang Prabang Laos
51%
UZB Samarcande Ouzbékistan
51%
KWT Al Jahra Koweït
50%
SYR Homs Syrie
50%
IDN Nusantara Indonésie
47%
IRN Qom Iran
46%
JPN Sendai Japon
46%
AFG Kandahar Afghanistan
45%
SAU Dammam Arabie Saoudite
45%
MYS Johor Bahru Malaisie
45%
IRQ Erbil Irak
44%
KHM Siem Reap Cambodge
43%
JOR Aqaba Jordanie
43%
MMR Mandalay Birmanie
42%
PAK Rawalpindi Pakistan
42%
GEO Batoumi Géorgie
41%
TWN Kaohsiung Taïwan
38%
PRK Hamhung Corée du Nord
37%
ARE Charjah Emirats
31%
OMN Salalah Oman
29%
KGZ Osh Kirghizistan
28%
AZE Gandja Azerbaïdjan
27%
NPL Pokhara Népal
26%
PHL Zamboanga Philippines
23%
TKM Mary Turkménistan
23%
BGD Sylhet Bangladesh
22%
MNG Erdenet Mongolie
21%
Aucun quiz correspondant
Distribution des résultats
% des personnes avec chaque résultat
Percentile par nombre de réponses
Votre historique - résultats
Vous n’avez pas pris ce quiz